| 000 | 00000nam##2200000za#4500 |
| 001 | 9.569755 |
| 003 | CaOODSP |
| 005 | 20210624181922 |
| 007 | cr ||||||||||| |
| 008 | 150406|2001||||xxc|||||o f|0| 0 eng|d |
| 040 | |aCaOODSP|beng |
| 043 | |an-cn--- |
| 086 | 1 |aNH18-1/321-2001E-PDF |
| 110 | 2 |aCanada Mortgage and Housing Corporation. |
| 245 | 10|aSurvey of Canadian municipalities : |h[electronic resource]|bregulatory measures for housing affordability and choice |
| 246 | 1 |iAdditional title (within publication) : |aSondage auprès de municipalités canadiennes : mesures de réglementation favorisant l'abordabilité et les choix de logements |
| 260 | |aOttawa - Ontario : |bCanada Mortgage and Housing Corporation |cJune 1, 2001 (main report), October 2001 (Research highlight). |
| 300 | |a198p.|bgraph, tables |
| 490 | 1 |aResearch report |
| 500 | |aChapters 1, 2, 3, 5 and 9 followed by corresponding French text. Includes: Research highlight (Socio-economic series, issue 87 ) under the same title. Y compris: Le point en recherche (Série socio-économique, numéro 87) sous le titre « Sondage auprès de municipalités canadiennes : mesures de réglementation favorisant l'abordabilité et les choix de logements ». |
| 546 | |a(Comprend du texte en français.) |
| 590 | |a11-26-Supp|b2011-11-03 |
| 830 | #0|aResearch report (Canada Mortgage and Housing Corporation : Online)|w(CaOODSP)9.506068 |
| 856 | 40|ahttp://publications.gc.ca|qPDF|s10.95 MB|uhttps://publications.gc.ca/collections/collection_2011/schl-cmhc/nh18-1/NH18-1-321-2001-eng.pdf |